000 00386nam a2200145Ia 4500
008 210210b1969 xxu||||| |||| 00| 0 eng d
082 _a332.1 NARB
100 _aNARENDRA KUMAR, Ed.
245 _aBank nationalization in India.
260 _aDelhi
_bLalvani Publishing House
_c1969
300 _a272
650 _aNationalization of Indian banks
690 _aBanking
906 _a027355
999 _c78645
_d78645